| 000 | 00394nam a2200145Ia 4500 | ||
|---|---|---|---|
| 008 | 230917s9999||||xx |||||||||||||| ||und|| | ||
| 040 |
_e58715 _aMAIN |
||
| 041 | _aEnglish | ||
| 082 | _a382.9142 H719U | ||
| 100 | _aHollan, Stuart | ||
| 245 | 0 | _aUncommon market: capital, class and power in the European community | |
| 260 |
_aLondon _bMacmillan _c1980 |
||
| 300 | _aix, 183 p. | ||
| 942 | _cBK | ||
| 999 |
_c212902 _d212902 |
||